| 000 | 00960naa a22002657a 4500 | ||
|---|---|---|---|
| 001 | BR3000015 | ||
| 003 | BR-BrBNA | ||
| 005 | 20240918172745.0 | ||
| 007 | ta | ||
| 008 | 230509b bl.||||| |||| 00| 0 por d | ||
| 040 |
_aBR-BrBNA _bpor _cBiblioteca Nacional de Agricultura |
||
| 041 | _a(Pt) | ||
| 072 |
_aF30 _b0150 _bG514 |
||
| 090 | _aF30 BR3000015 | ||
| 100 | 1 | _aFreitas, L.G.G. de | |
| 245 | 1 | _aMelhoramentos necessarios a cultura do arroz no Rio Grande do Sul [Genetica vegetal; Brasil] | |
| 260 | 3 |
_aRio de Janeiro, GB (Brasil): _c1930. |
|
| 500 | _aAnuario da Sociedade Brasileira de Agronomia Rio de Janeiro, GB (Brasil): 1930. p. 61-72 (BR3000015-AM)F30 | ||
| 650 | _aMelhoramento genetico vegetal | ||
| 650 | _aArroz | ||
| 650 | _aRio Grande do Sul | ||
| 773 | 0 |
_tAnuario da Sociedade Brasileira de Agronomia _b _wF30 BR3000015 _gRio de Janeiro, GB (Brasil), 1930. p. 61-72 |
|
| 909 |
_a202404 _bLucia _c55 _dLucia Elande |
||
| 942 |
_cAM _2AGRIS |
||
| 999 |
_c301381 _d301381 |
||